A Textbook of pharmaceutical analysis (Record no. 6245)

MARC details
000 -LEADER
fixed length control field 00449nam a22001697a 4500
005 - DATE AND TIME OF LATEST TRANSACTION
control field 20230118111622.0
008 - FIXED-LENGTH DATA ELEMENTS--GENERAL INFORMATION
fixed length control field 200517b xxu||||| |||| 00| 0 eng d
020 ## - INTERNATIONAL STANDARD BOOK NUMBER
ISBN 9788186270806
041 ## - LANGUAGE CODE
Language code of text/sound track or separate title eng
082 ## - DEWEY DECIMAL CLASSIFICATION NUMBER
Classification number 615 RAO
100 ## - MAIN ENTRY--AUTHOR NAME
Personal name RAO, Dr. G.DEVALA
245 ## - TITLE STATEMENT
Title A Textbook of pharmaceutical analysis
260 ## - PUBLICATION, DISTRIBUTION, ETC. (IMPRINT)
Place of publication New Delhi
Name of publisher CBS Publishers and distributors
Year of publication 2020
300 ## - PHYSICAL DESCRIPTION
Number of Pages 214
650 ## - SUBJECT ADDED ENTRY--TOPICAL TERM
Topical Term Pharmacy
General subdivision D.PHARMA
942 ## - ADDED ENTRY ELEMENTS (KOHA)
Koha item type Books
Holdings
Lost status Damaged status Collection code Home library Current library Shelving location Date acquired Source of acquisition Cost, normal purchase price Full call number Accession Number Koha item type
    PHARMACY JRU Library JRU Library Shelf - 21- F 17/05/2020 PURCHASE 250.00 615 RAO 23947 Books
    PHARMACY JRU Library JRU Library SHELF-4-D 17/05/2020 PURCHASE 250.00 615 RAO 23948 Books
    Reference JRU Library JRU Library SHELF-4-D 17/05/2020 PURCHASE 250.00 615 RAO 23949 Books
    PHARMACY JRU Library JRU Library Shelf - 21- F 17/05/2020 PURCHASE 250.00 615 RAO 23950 Books